<?xml version="1.0" encoding="UTF-8"?>
<record
    xmlns:xsi="http://www.w3.org/2001/XMLSchema-instance"
    xsi:schemaLocation="http://www.loc.gov/MARC21/slim http://www.loc.gov/standards/marcxml/schema/MARC21slim.xsd"
    xmlns="http://www.loc.gov/MARC21/slim">

  <leader>03854nam a2200385 a 4500</leader>
  <controlfield tag="003">CHAP</controlfield>
  <controlfield tag="005">20230508133803.0</controlfield>
  <controlfield tag="007">ta</controlfield>
  <controlfield tag="008">230508s2017    -usabo|fr|||| 001 0 eng d</controlfield>
  <datafield tag="020" ind1=" " ind2=" ">
    <subfield code="a">978-1-77188-548-5</subfield>
  </datafield>
  <datafield tag="040" ind1=" " ind2=" ">
    <subfield code="a">mxchpua</subfield>
    <subfield code="c">CHAP</subfield>
    <subfield code="e">rda</subfield>
  </datafield>
  <datafield tag="050" ind1="1" ind2="0">
    <subfield code="a">SF250.5</subfield>
    <subfield code="b">.P76 2017</subfield>
  </datafield>
  <datafield tag="082" ind1="0" ind2="0">
    <subfield code="a">636.2142</subfield>
    <subfield code="b">P76 2017</subfield>
    <subfield code="2">20</subfield>
  </datafield>
  <datafield tag="245" ind1="1" ind2="0">
    <subfield code="a">Processing technologies for milk and milk products :</subfield>
    <subfield code="b"> methods, applications, and energy usage /</subfield>
    <subfield code="c">editores Ashok K. Agrawal y Megh R. Goyal</subfield>
  </datafield>
  <datafield tag="250" ind1=" " ind2=" ">
    <subfield code="a">1a edici&#xF3;n</subfield>
  </datafield>
  <datafield tag="264" ind1=" " ind2=" ">
    <subfield code="a">Waretown, NJ :</subfield>
    <subfield code="b">Apple Academic Press,</subfield>
    <subfield code="c">2017</subfield>
  </datafield>
  <datafield tag="300" ind1=" " ind2=" ">
    <subfield code="a">xlii, 380 p&#xE1;ginas :</subfield>
    <subfield code="b">ilustraciones, gr&#xE1;ficas, diagramas, fotos</subfield>
  </datafield>
  <datafield tag="336" ind1=" " ind2=" ">
    <subfield code="2">rdacontent</subfield>
    <subfield code="a">texto</subfield>
    <subfield code="b">txt</subfield>
  </datafield>
  <datafield tag="337" ind1=" " ind2=" ">
    <subfield code="2">rdamedia</subfield>
    <subfield code="a">sin medio</subfield>
    <subfield code="b">n</subfield>
  </datafield>
  <datafield tag="338" ind1=" " ind2=" ">
    <subfield code="2">rdacarrier</subfield>
    <subfield code="a">volumen</subfield>
    <subfield code="b">nc</subfield>
  </datafield>
  <datafield tag="490" ind1="1" ind2=" ">
    <subfield code="a">Innovations in Agricultural &amp; Biological Engineering (Apple Academic Press)</subfield>
  </datafield>
  <datafield tag="504" ind1=" " ind2=" ">
    <subfield code="a">Incluye bibliograf&#xED;as</subfield>
  </datafield>
  <datafield tag="505" ind1="0" ind2=" ">
    <subfield code="a">Preface --

PART I: INNOVATIVE TECHNIQUES IN DAIRY ENGINEERING --
1. Innovative Techniques in Milk Processing: A Review /
Bhushan D. Meshram, P. G. Wasnik, K. K. Sandey, Shakeel Asgar, and A. K. Agrawal --
2. Digital Image Analysis: Tool for Food Quality Evaluation /
Prashant G. Wasnik, Rekha Ravindra Menon, and Bhushan D. Meshram --
3. Passivation: A Method to Ensure Quality of Dairy and Food Processing Equipment /
Geetesh Sinha, Krishan Dewangan, and A. K. Agrawal --
4. Technology of Protein-Rich Vegetable-Based Formulated Foods /
Dinesh Chandra Rai and Ashok Kumar Yadav --

PART II: PROCESSING METHODS AND THEIR APPLICATIONS IN THE DAIRY INDUSTRY --
5. Application of Scraped Surface Heat Exchanger in Manufacturing of Dairy Products: A Review /
A. V. Dhotre and A. G. Bhadania --
6. Application of High Pressure Processing in the Dairy Industry: A Review /
Santosh S. Chopde, Bhavesh B. Chavhan, and Madhav R. Patil --
7. Emerging Milk Process Technologies: High Hydrostatic Pressure: A Review /
Adarsh M. Kalla and Devaraju Rajanna --
8. Microwave Processing of Milk: A Review /
Bhushan D. Meshram, A. N. Vyahaware, P. G. Wasnik, A. K. Agrawal, and K. K. Sandey --
9. Milk Silos and Other Milk Storage Systems /
Vandana Choubey --
10. Milk Cooling Methods: Importance and Potential Use /
Bhavesh B. Chavhan, A. K. Agrawal, S. S. Chopade, and G. P. Deshmukh --

PART III: ENERGY USE IN THE DAIRY ENGINEERING: SOURCES, CONSERVATION, AND REQUIREMENTS --
11. Use of Renewable Energy in the Dairy Industry /
Janakkumar B. Upadhyay and Ruchi Patel --
12. Minimizing Power Requirement for Pumps in the Dairy Industry /
Adarsh M. Kalla, Bhavesh B. Chavhan, P. Bisen, and C. Sahu --
13. Water Requirements for a Dairy Plant: Quality and Quantity Issues /
Archana Khare, Anil K. Khare, and A. K. Agrawal --
14. Common Utilities for the Dairy Industry /
Vandana Choubey --
Index</subfield>
  </datafield>
  <datafield tag="520" ind1="2" ind2=" ">
    <subfield code="a">The demand for quality milk products is increasing throughout the world. Food patterns are changing from eating plant protein to animal protein due to increasing incomes around the world, and the production of milk and milk products is expanding with leaps and bounds. This book presents an array of recent developments and emerging topics in the processing and manufacturing of milk and dairy products. The volume also devotes a special section on alternative energy sources for dairy production along with solutions for energy conservation.</subfield>
  </datafield>
  <datafield tag="650" ind1="1" ind2="7">
    <subfield code="9">92124</subfield>
    <subfield code="a">Productos l&#xE1;cteos</subfield>
  </datafield>
  <datafield tag="650" ind1="1" ind2="3">
    <subfield code="9">143326</subfield>
    <subfield code="a">Industria l&#xE1;ctea</subfield>
  </datafield>
  <datafield tag="650" ind1="1" ind2="7">
    <subfield code="9">57819</subfield>
    <subfield code="a">Industria lechera</subfield>
  </datafield>
  <datafield tag="650" ind1="1" ind2="3">
    <subfield code="9">147027</subfield>
    <subfield code="a">Dairy products  </subfield>
  </datafield>
  <datafield tag="650" ind1="1" ind2="3">
    <subfield code="9">147068</subfield>
    <subfield code="a">Dairy industry</subfield>
  </datafield>
  <datafield tag="650" ind1="1" ind2="3">
    <subfield code="9">147869</subfield>
    <subfield code="a">Milk industry  </subfield>
  </datafield>
  <datafield tag="700" ind1="1" ind2=" ">
    <subfield code="9">186931</subfield>
    <subfield code="a">Agrawal, Ashok K.</subfield>
    <subfield code="e">editor</subfield>
  </datafield>
  <datafield tag="700" ind1="1" ind2=" ">
    <subfield code="9">186932</subfield>
    <subfield code="a">Goyal, Megh R.</subfield>
    <subfield code="e">editor</subfield>
  </datafield>
  <datafield tag="830" ind1=" " ind2="0">
    <subfield code="9">186930</subfield>
    <subfield code="a">Innovations in Agricultural &amp; Biological Engineering (Apple Academic Press)</subfield>
  </datafield>
  <datafield tag="942" ind1=" " ind2=" ">
    <subfield code="2">ddc</subfield>
    <subfield code="c">Libro</subfield>
  </datafield>
  <datafield tag="999" ind1=" " ind2=" ">
    <subfield code="c">218702</subfield>
    <subfield code="d">218702</subfield>
  </datafield>
  <datafield tag="952" ind1=" " ind2=" ">
    <subfield code="0">0</subfield>
    <subfield code="1">0</subfield>
    <subfield code="2">ddc</subfield>
    <subfield code="4">0</subfield>
    <subfield code="5">1</subfield>
    <subfield code="7">0</subfield>
    <subfield code="8">GRAL</subfield>
    <subfield code="a">IA_</subfield>
    <subfield code="b">IA_</subfield>
    <subfield code="d">2019-11-28</subfield>
    <subfield code="e">Compra Librer&#xED;a UACh F. 39695</subfield>
    <subfield code="i">C/e 236</subfield>
    <subfield code="l">0</subfield>
    <subfield code="o">636.2142 P76 2017</subfield>
    <subfield code="p">1102014738</subfield>
    <subfield code="r">2023-05-08 00:00:00</subfield>
    <subfield code="t">Ej. 1</subfield>
    <subfield code="w">2023-05-08</subfield>
    <subfield code="y">LIBRO</subfield>
  </datafield>
  <datafield tag="952" ind1=" " ind2=" ">
    <subfield code="0">0</subfield>
    <subfield code="1">0</subfield>
    <subfield code="2">ddc</subfield>
    <subfield code="4">0</subfield>
    <subfield code="5">5</subfield>
    <subfield code="7">0</subfield>
    <subfield code="8">GRAL</subfield>
    <subfield code="a">IA_</subfield>
    <subfield code="b">IA_</subfield>
    <subfield code="d">2019-11-28</subfield>
    <subfield code="e">Compra Librer&#xED;a UACh F. 39695</subfield>
    <subfield code="i">C/e 236</subfield>
    <subfield code="l">0</subfield>
    <subfield code="o">636.2142 P76 2017</subfield>
    <subfield code="p">1102014739</subfield>
    <subfield code="r">2023-05-08 00:00:00</subfield>
    <subfield code="t">Ej. 2</subfield>
    <subfield code="w">2023-05-08</subfield>
    <subfield code="y">LIBRO</subfield>
  </datafield>
</record>
